Ronald Koeman's PSV - Statistics

General Stats
  • This quiz has been taken 4 times
  • The average score is 17 of 38
Answer Stats
Rank Player Position Nationality Matches Goals Assists % Correct
10 Alex Centre-Back 40 7 3
100%
3 Heurelho Gomes Goalkeeper 57 0 0
100%
5 Jefferson Farfán Right Winger 50 25 10
100%
2 Carlos Salcido Centre-Back 60 1 2
75%
6 Édison Méndez Attacking Midfield 48 6 5
75%
11 Ibrahim Afellay Attacking Midfield 40 7 4
75%
8 Jason Culina Central Midfield 44 2 2
75%
9 Phillip Cocu Defensive Midfield 41 8 8
75%
1 Timmy Simons Defensive Midfield 60 9 2
75%
7 Arouna Koné Centre-Forward 45 15 10
50%
12 Eric Addo Centre-Back 30 1 0
50%
14 Ismail Aissati Attacking Midfield 26 1 0
50%
34 Jan Vennegoor of Hesselink Centre-Forward 2 1 0
50%
32 Jonathan Reis Centre-Forward 4 1 1
50%
36 Lee Nguyen Attacking Midfield 1 0 0
50%
27 Michael Lamey Right-Back 9 0 0
50%
13 Mika Väyrynen Central Midfield 30 1 1
50%
19 Alcides Centre-Back 15 1 0
25%
28 Csaba Fehér Defensive Midfield 8 0 0
25%
23 Danko Lazovic Second Striker 10 4 3
25%
24 Danny Koevermans Centre-Forward 10 6 1
25%
17 Diego Tardelli Centre-Forward 19 3 1
25%
30 Dirk Marcellis Centre-Back 5 0 1
25%
33 Fagner Right-Back 3 1 0
25%
29 Género Zeefuik Centre-Forward 6 0 0
25%
4 Jan Kromkamp Right-Back 50 1 9
25%
20 Kenneth Pérez Centre-Forward 11 4 4
25%
15 Manuel da Costa Centre-Back 25 1 0
25%
18 Michael Reiziger Right-Back 15 1 0
25%
21 Mike Zonneveld Left-Back 11 2 0
25%
31 Oscar Moens Goalkeeper 4 0 0
25%
22 Otman Bakkal Attacking Midfield 11 2 1
25%
16 Patrick Kluivert Centre-Forward 20 3 3
25%
38 Rens van Eijden Centre-Back 1 0 0
25%
26 Roy Beerens Right Winger 10 1 0
25%
35 Slobodan Rajković Centre-Back 1 0 0
25%
37 Tom van der Leegte Defensive Midfield 1 0 0
25%
25 Xiang Sun Left-Back 10 0 0
25%
No matching quizzes found
Score Distribution
Percent of People with Each Score
Percentile by Number Answered
Your Score History
You have not taken this quiz